000 01188nam a2200277Ia 4500
003 OSt
005 20221005110025.0
006 a|||||r|||| 00| 0
007 ta
008 221004b |||||||| |||| 00| 0 hin d
020 _a8126001143 (hbk)
_c1100
024 _a93318
037 _b493, 19/03/2009, Vani Prakashan
_cTextual
040 _aCRL
_cCRL
_bhin
041 _2hin
_ahin
082 _aO142,3x, 152N6
100 _aरस्पूतिन, वलेन्तीन ग्रिगोर्येविच
_9624027
245 0 _aतीन रूसी उपन्यास
246 _aTīn rūsī upanyāsa
260 _aनई दिल्ली
_bसाहित्य अकादेमी भारत
_c1996
300 _a492पृ0
_ccm.
490 _aबीसवीं सदी का साहित्य; 8
700 _a पॉंडे, हेमचन्द्र, अनु.
942 _hO142,3x, 152N6
_cTEXL
_2cc
999 _c1017563
_d1017563